या वयात हे असंच असतं (Record no. 1221090)

MARC details
000 -LEADER
fixed length control field 00413nam a2200109Ia 4500
008 - FIXED-LENGTH DATA ELEMENTS--GENERAL INFORMATION
fixed length control field 260427s2019 xx 000 0 und d
041 ## - LANGUAGE CODE
Language code of text/sound track or separate title hin
100 ## - MAIN ENTRY--PERSONAL NAME
Personal name गो. वि. कुलकर्णी
245 ## - TITLE STATEMENT
Title या वयात हे असंच असतं
260 ## - PUBLICATION, DISTRIBUTION, ETC.
Name of publisher, distributor, etc. अभिनंदन प्रकाशन, मंगळवार पेठ, कोल्हापूर
Date of publication, distribution, etc. 2019
300 ## - PHYSICAL DESCRIPTION
Extent Soft/P-280
Holdings
Withdrawn status Lost status Damaged status Not for loan Collection Home library Current library Shelving location Date acquired Source of acquisition Cost, normal purchase price Total Checkouts Barcode Date last seen Price effective from Koha item type
          College of Engineering for Women, Pune College of Engineering for Women, Pune   27/04/2026 Bharati Vidyapeeth, Pune 450.00   EWP-D699 27/04/2026 27/04/2026 Book